Statystyki dla Kogo to numer - zagraniczny rap #6

Kliknij tutaj aby rozwiązać quiz!

Ogólne statystyki

  • Ten quiz został rozwiązany 14 razy
  • Średni wynik to 6 z 10

Statystyki odpowiedzi

HintOdpowiedź% Poprawnych
wokeuplikethis*Playboi Carti
85%
I WonderKanye West
77%
Many Men (Wish Death)50 Cent
62%
L$DA$AP Rocky
62%
BanditJuice WRLD
62%
MyronLil Uzi Vert
62%
Wet DreamzJ. Cole
54%
Taking A WalkTrippie Redd
54%
SupermanEminem
38%
White IversonPost Malone
38%

Rozkład punktacji

Percentyl według liczby udzielonych odpowiedzi

Procent ludzi z każdym wynikiem

Twoja historia wyników

Nie rozwiązałeś tego quizu